La mistica cristiana / (Record no. 11945)

MARC details
000 -LEADER
fixed length control field 01616cam a2200385 i 4500
001 - CONTROL NUMBER
control field 21838269
003 - CONTROL NUMBER IDENTIFIER
control field OSt
005 - DATE AND TIME OF LATEST TRANSACTION
control field 20211012134603.0
008 - FIXED-LENGTH DATA ELEMENTS--GENERAL INFORMATION
fixed length control field 191122m20202021it b 000 0 ita
010 ## - LIBRARY OF CONGRESS CONTROL NUMBER
LC control number 2020521618
020 ## - INTERNATIONAL STANDARD BOOK NUMBER
International Standard Book Number 9788804714132
Qualifying information (v. 1)
020 ## - INTERNATIONAL STANDARD BOOK NUMBER
International Standard Book Number 9788804714118
Qualifying information (v. 2)
035 ## - SYSTEM CONTROL NUMBER
System control number (casoclc)1191835432
035 ## - SYSTEM CONTROL NUMBER
System control number (ItFiC)cas4583041
040 ## - CATALOGING SOURCE
Original cataloging agency DLC
Language of cataloging eng
Transcribing agency hu
Description conventions rda
042 ## - AUTHENTICATION CODE
Authentication code pcc
050 00 - LIBRARY OF CONGRESS CALL NUMBER
Classification number BV5082.3
Item number .M575 2020
082 ## - DEWEY DECIMAL CLASSIFICATION NUMBER
Classification number 303.23
245 03 - TITLE STATEMENT
Title La mistica cristiana /
Statement of responsibility, etc. progetto editoriale di Francesco Zambon.
250 ## - EDITION STATEMENT
Edition statement I edizione I meridiani.
264 #1 - PRODUCTION, PUBLICATION, DISTRIBUTION, MANUFACTURE, AND COPYRIGHT NOTICE
Place of production, publication, distribution, manufacture Milano :
Name of producer, publisher, distributor, manufacturer Mondadori,
Date of production, publication, distribution, manufacture, or copyright notice 2020-2021.
300 ## - PHYSICAL DESCRIPTION
Extent 2 volumes ;529
Dimensions 18 cm.
336 ## - CONTENT TYPE
Content type term text
Content type code txt
Source rdacontent
337 ## - MEDIA TYPE
Media type term unmediated
Media type code n
Source rdamedia
338 ## - CARRIER TYPE
Carrier type term volume
Carrier type code nc
Source rdacarrier
490 0# - SERIES STATEMENT
Series statement I meridiani. Classici dello spirito
500 ## - GENERAL NOTE
General note Collected essays.
504 ## - BIBLIOGRAPHY, ETC. NOTE
Bibliography, etc. note Includes bibliographical references.
505 0# - FORMATTED CONTENTS NOTE
Formatted contents note Volume primo. Mistica tardogreca e bizantina, siriaca, armena, latina e italiana medievale / a cura di Marco Rizzi, Sabino Chialà, Boghos Levon Zekiyan, Francesco Zambon -- Volume secondo. Mistica tedesca e brabantina, francese, italiana moderna / a cura di Victoria Cirlot, Amador Vega, Benedetta Papàsogli, Michela Catto, Guido Mongini.
650 #0 - SUBJECT ADDED ENTRY--TOPICAL TERM
Topical term or geographic name entry element Mysticism
General subdivision Christianity.
9 (RLIN) 12880
700 1# - ADDED ENTRY--PERSONAL NAME
Personal name Zambon, Francesco,
Dates associated with a name 1949-
Relator term editor.
9 (RLIN) 12881
906 ## - LOCAL DATA ELEMENT F, LDF (RLIN)
a 7
b cbc
c origres
d 3
e ncip
f 20
g y-gencatlg
942 ## - ADDED ENTRY ELEMENTS (KOHA)
Source of classification or shelving scheme Dewey Decimal Classification
Koha item type Books like text book referance book
Suppress in OPAC No
Holdings
Withdrawn status Lost status Source of classification or shelving scheme Damaged status Not for loan Home library Current library Shelving location Date acquired Total Checkouts Full call number Barcode Date last seen Copy number Price effective from Koha item type
    Dewey Decimal Classification     Social Library Social Library General Stacks 10/12/2021   303.32/san SHLIB 00001919 10/12/2021 1 10/12/2021 Books like text book referance book